[Event "Wch U14 blitz"]
[Site "Terme Catez"]
[Date "2024.12.16"]
[Round "15"]
[White "Derr, Oleg"]
[Black "Boci, Mateo"]
[Result "0-1"]
[WhiteElo "2043"]
[BlackElo "2234"]
[PlyCount "36"]
[EventDate "2024.12.16"]
[EventType "swiss (blitz)"]
[EventRounds "22"]
[EventCountry "SLO"]
[SourceTitle "CB51_2024"]
[SourceDate "2024.12.18"]
[SourceVersion "1"]
[SourceVersionDate "2024.12.18"]
[SourceQuality "1"]

1. e4 c5 2. Nf3 Nc6 3. Bc4 e6 4. 0-0 Nf6 5. Re1 d6 6. Bb3 Be7 7. c3 0-0 8. d4 cxd4 9. cxd4 b6 10. Nc3 Bd7 11. a3 Rc8 12. Qd3 e5 13. Be3 Ng4 14. Nd5 exd4 15. Nxe7+ Qxe7 16. Nxd4 Nxe3 17. Qxe3 Be6 18. h3 Nxd4 0-1

[Event "Heusenstamm Sparkassen op 11th"]
[Site "Heusenstamm"]
[Date "2024.11.23"]
[Round "5"]
[White "Klundt, Klaus"]
[Black "Derr, Oleg"]
[Result "1/2-1/2"]
[WhiteElo "2252"]
[BlackElo "2019"]
[PlyCount "54"]
[EventDate "2024.11.21"]
[EventType "swiss"]
[EventRounds "7"]
[EventCountry "GER"]
[SourceTitle "CB51_2024"]
[SourceDate "2024.12.18"]
[SourceVersion "1"]
[SourceVersionDate "2024.12.18"]
[SourceQuality "1"]

1. e4 c5 2. Nf3 e6 3. d4 cxd4 4. Nxd4 Nc6 5. Nc3 Qc7 6. Be3 a6 7. Qf3 Nf6 8. 0-0-0 h5 9. Nxc6 dxc6 10. h3 b5 11. e5 Nd5 12. Nxd5 exd5 13. Bd3 Be6 14. Rhe1 Be7 15. Qg3 0-0-0 16. Bg5 h4 17. Qf4 c5 18. Bxe7 Qxe7 19. Qd2 Qc7 20. f4 d4 21. Kb1 c4 22. Be4 c3 23. Qc1 Qa5 24. b3 g6 25. Rf1 Rhg8 26. Rf3 Bf5 27. Re1 Qb4 1/2-1/2

[Event "GER-ch U14"]
[Site "Willingen"]
[Date "2024.05.25"]
[Round "9"]
[White "Goldkuhle, Collin"]
[Black "Derr, Oleg"]
[Result "0-1"]
[WhiteElo "1908"]
[BlackElo "1946"]
[PlyCount "36"]
[EventDate "2024.05.19"]
[EventType "swiss"]
[EventRounds "9"]
[EventCountry "GER"]
[SourceTitle "CBM 220 Extra"]
[Source "ChessBase"]
[SourceDate "2024.07.31"]
[SourceVersion "1"]
[SourceVersionDate "2024.07.31"]
[SourceQuality "1"]

1. e4 c5 2. Nc3 e6 3. f4 d5 4. Nf3 dxe4 5. Nxe4 Nf6 6. Nc3 Nc6 7. Bb5 Bd7 8. a4 a6 9. Bc4 Bd6 10. d4 cxd4 11. Nxd4 0-0 12. Nb3 Qc7 13. 0-0 e5 14. fxe5 Nxe5 15. Be2 Neg4 16. h3 Bc5+ 17. Rf2 Qh2+ 18. Kf1 Qh1# 0-1

[Event "GER-ch U14"]
[Site "Willingen"]
[Date "2024.05.19"]
[Round "2"]
[White "Derr, Oleg"]
[Black "Pimenov, Danil"]
[Result "1-0"]
[WhiteElo "1946"]
[BlackElo "1863"]
[PlyCount "95"]
[EventDate "2024.05.19"]
[EventType "swiss"]
[EventRounds "9"]
[EventCountry "GER"]
[SourceTitle "CBM 220 Extra"]
[Source "ChessBase"]
[SourceDate "2024.07.31"]
[SourceVersion "1"]
[SourceVersionDate "2024.07.31"]
[SourceQuality "1"]

1. e4 c5 2. Nf3 Nc6 3. Bc4 e6 4. 0-0 Qc7 5. Re1 d6 6. c3 Be7 7. d4 Nf6 8. Bb3 0-0 9. a4 Rd8 10. Nbd2 b6 11. Nf1 Bb7 12. Ng3 a6 13. Bd2 b5 14. Qe2 c4 15. Bc2 e5 16. d5 Nb8 17. Nf5 Bf8 18. Bg5 Nbd7 19. N3h4 Rdb8 20. Qf3 Kh8 21. Nh6 gxh6 22. Bxf6+ Nxf6 23. Qxf6+ Bg7 24. Qf3 Bc8 25. a5 Qe7 26. g3 Bf6 27. Ng2 Bg7 28. Qh5 Ra7 29. h4 Qd7 30. Ne3 Qe7 31. Bd1 Rc7 32. Bg4 Bxg4 33. Qxg4 b4 34. Rec1 bxc3 35. Rxc3 Rxb2 36. Rxc4 Rxc4 37. Nxc4 Rb8 38. Nb6 Qc7 39. Qe2 Qc3 40. Ra4 Qb3 41. Qxa6 f5 42. Rc4 Bf8 43. Rc8 Qb1+ 44. Kh2 Qe1 45. Rxb8 Qxf2+ 46. Kh3 fxe4 47. Rxf8+ Qxf8 48. Qc8 1-0

[Event "GER-ch Amateurs"]
[Site "Bad Wildungen"]
[Date "2024.??.??"]
[Round "2"]
[White "Derr, Oleg"]
[Black "Bongardt, Livius"]
[Result "1-0"]
[WhiteElo "1943"]
[BlackElo "1875"]
[PlyCount "141"]
[EventDate "2024.08.03"]
[EventType "swiss"]
[EventRounds "5"]
[EventCountry "GER"]
[SourceTitle "CBM 221 Extra"]
[Source "ChessBase"]
[SourceDate "2024.09.30"]
[SourceVersion "1"]
[SourceVersionDate "2024.09.30"]
[SourceQuality "1"]

1. e4 e5 2. Nf3 Nc6 3. Bc4 Nf6 4. d3 Be7 5. 0-0 0-0 6. Nc3 d6 7. a4 Kh8 8. h3 Ng8 9. d4 Nxd4 10. Nxd4 exd4 11. Qxd4 f5 12. Nd5 fxe4 13. Qxe4 Bf5 14. Qe2 c6 15. Nxe7 Qxe7 16. Qxe7 Nxe7 17. Re1 Ng6 18. c3 Ne5 19. Be2 Bd3 20. f4 Bxe2 21. fxe5 Bc4 22. exd6 Rf6 23. d7 h6 24. Be3 Rd8 25. Rad1 Rf7 26. Bxa7 Rfxd7 27. Re8+ Rxe8 28. Rxd7 Re1+ 29. Kh2 Re2 30. Bd4 Rxb2 31. Rxg7 Ra2 32. a5 Bd5 33. Bf6 Rf2 34. Be5 Re2 35. Bd4 Ra2 36. Rxb7+ Kg8 37. Rg7+ Kf8 38. Rg3 h5 39. Bb6 Kf7 40. Rg5 Kf6 41. Bd8+ Ke6 42. Bb6 Kf6 43. h4 Ke6 44. c4 Bf3 45. a6 Rxa6 46. gxf3 Rxb6 47. Rxh5 Rb4 48. c5 Rb2+ 49. Kg3 Rb1 50. Kg4 Rg1+ 51. Kf4 Rh1 52. Kg3 Rg1+ 53. Kf2 Rc1 54. Rg5 Rc2+ 55. Kg3 Rc1 56. h5 Rg1+ 57. Kf4 Rh1 58. Re5+ Kf6 59. Rf5+ Ke6 60. Rg5 Rh4+ 61. Kg3 Rh1 62. Kg4 Rg1+ 63. Kf4 Rh1 64. Ke4 Re1+ 65. Kd4 Rd1+ 66. Kc4 Rc1+ 67. Kb4 Rh1 68. Rg6+ Kd5 69. Rd6+ Ke5 70. h6 Rb1+ 71. Ka5 1-0

[Event "GER-ch Amateurs"]
[Site "Bad Wildungen"]
[Date "2024.??.??"]
[Round "4"]
[White "Derr, Oleg"]
[Black "Lu, Yunong Elias"]
[Result "1/2-1/2"]
[WhiteElo "1943"]
[BlackElo "1976"]
[PlyCount "41"]
[EventDate "2024.08.03"]
[EventType "swiss"]
[EventRounds "5"]
[EventCountry "GER"]
[SourceTitle "CBM 221 Extra"]
[Source "ChessBase"]
[SourceDate "2024.09.30"]
[SourceVersion "1"]
[SourceVersionDate "2024.09.30"]
[SourceQuality "1"]

1. e4 e5 2. Nf3 Nf6 3. Nxe5 d6 4. Nf3 Nxe4 5. Nc3 Nxc3 6. dxc3 Be7 7. Be3 Be6 8. Be2 Nc6 9. Qd2 a6 10. a3 Qd7 11. Nd4 Ne5 12. Nxe6 Qxe6 13. h3 Nc4 14. Bxc4 Qxc4 15. Qd3 Qc6 16. 0-0 0-0 17. Rad1 Rae8 18. Rfe1 Bd8 19. Bd4 Re6 20. Re3 Rxe3 21. Bxe3 1/2-1/2

[Event "Wiesbaden op 32nd"]
[Site "Wiesbaden"]
[Date "2023.08.27"]
[Round "7"]
[White "Gaertner, Johannes"]
[Black "Derr, Oleg"]
[Result "0-1"]
[WhiteElo "1532"]
[BlackElo "1755"]
[PlyCount "60"]
[EventDate "2023.08.24"]
[EventType "swiss"]
[EventRounds "7"]
[EventCountry "GER"]
[SourceTitle "CBM 216 Extra"]
[Source "ChessBase"]
[SourceDate "2023.11.30"]
[SourceVersion "1"]
[SourceVersionDate "2023.11.30"]
[SourceQuality "1"]

1. d4 Nf6 2. c4 g6 3. Nc3 d5 4. cxd5 Nxd5 5. e4 Nxc3 6. bxc3 Bg7 7. Nf3 c5 8. Be2 Nc6 9. Be3 0-0 10. h3 Qa5 11. Qd2 cxd4 12. cxd4 Qxd2+ 13. Kxd2 Rd8 14. Kd3 Nxd4 15. Nxd4 Bxd4 16. Bxd4 e5 17. Rac1 Rxd4+ 18. Ke3 Be6 19. Rc7 Rc8 20. Rhc1 Rxc7 21. Rxc7 Rb4 22. a4 Rxa4 23. Rxb7 Ra3+ 24. Kd2 Ra2+ 25. Ke3 a5 26. Bd1 a4 27. Rb5 a3 28. Rb1 Rb2 29. Rc1 a2 30. Bc2 Rxc2 0-1

[Event "Wiesbaden op 32nd"]
[Site "Wiesbaden"]
[Date "2023.08.25"]
[Round "2"]
[White "Derr, Oleg"]
[Black "Sydykov, Bayastan"]
[Result "0-1"]
[WhiteElo "1755"]
[BlackElo "1940"]
[PlyCount "146"]
[EventDate "2023.08.24"]
[EventType "swiss"]
[EventRounds "7"]
[EventCountry "GER"]
[SourceTitle "CBM 216 Extra"]
[Source "ChessBase"]
[SourceDate "2023.11.30"]
[SourceVersion "1"]
[SourceVersionDate "2023.11.30"]
[SourceQuality "1"]

1. e4 e6 2. d4 d5 3. Nd2 c5 4. exd5 Qxd5 5. Ngf3 cxd4 6. Bc4 Qd6 7. 0-0 Nc6 8. Nb3 a6 9. Nbxd4 b5 10. Nxc6 Qxc6 11. Bd3 Bb7 12. Re1 Nf6 13. Bg5 Be7 14. c3 Rd8 15. Qc2 Qc5 16. Bxf6 Bxf6 17. Be4 Bxe4 18. Qxe4 0-0 19. Rad1 a5 20. a3 Rd6 21. Qe3 Qxe3 22. fxe3 Rfd8 23. Rxd6 Rxd6 24. e4 Rd7 25. e5 Be7 26. Kf1 h5 27. Nd4 b4 28. axb4 axb4 29. Nc6 bxc3 30. Nxe7+ Rxe7 31. bxc3 Rc7 32. Re3 Kf8 33. Ke2 Ke7 34. Kd3 f5 35. exf6+ gxf6 36. Rg3 Rc5 37. Rg7+ Kd6 38. Kd4 Rd5+ 39. Ke3 Re5+ 40. Kd3 Rf5 41. h3 Rf2 42. Ke3 Ra2 43. g3 Rg2 44. Ke4 h4 45. Kf3 Rh2 46. Rg4 hxg3 47. Kxg3 Rc2 48. Rc4 Kd5 49. Rc8 Ke4 50. Rc4+ Kf5 51. Kf3 e5 52. Rc7 Rd2 53. Ke3 Rh2 54. Rh7 Ke6 55. Rh6 Rg2 56. c4 Rg3+ 57. Kd2 e4 58. c5 Rd3+ 59. Kc2 Rd5 60. Kc3 Rxc5+ 61. Kd4 Re5 62. Ke3 Kf7 63. Rh4 f5 64. Kf4 e3 65. Kxe5 e2 66. Kxf5 e1Q 67. Rf4 Qe6+ 68. Kg5+ Kg7 69. Rg4 Qe5+ 70. Kh4+ Kh6 71. Rg8 Qf4+ 72. Rg4 Qf2+ 73. Rg3 Qe1 0-1

[Event "Rhein Main op-A 25th"]
[Site "Bad Homburg"]
[Date "2023.06.07"]
[Round "1"]
[White "Derr, Oleg"]
[Black "Martin, Reiner"]
[Result "1/2-1/2"]
[WhiteElo "1579"]
[BlackElo "2002"]
[PlyCount "51"]
[EventDate "2023.06.07"]
[EventType "swiss"]
[EventRounds "7"]
[EventCountry "GER"]
[SourceTitle "CBM 215 Extra"]
[Source "ChessBase"]
[SourceDate "2023.09.30"]
[SourceVersion "1"]
[SourceVersionDate "2023.09.30"]
[SourceQuality "1"]

1. e4 c5 2. Nf3 e6 3. d4 cxd4 4. Nxd4 a6 5. Nc3 Qc7 6. Be2 b5 7. a3 Nf6 8. 0-0 Bb7 9. Qd3 Be7 10. f4 d6 11. Bf3 Nbd7 12. Qe2 0-0 13. Kh1 Rac8 14. e5 Bxf3 15. Nxf3 Ne8 16. Be3 g6 17. Rac1 Ng7 18. Bf2 Rfd8 19. h3 Qb7 20. Ne4 d5 21. Ned2 Nb6 22. c3 Nc4 23. Nxc4 bxc4 24. Nd4 Rb8 25. Rc2 Rdc8 26. g4 1/2-1/2

[Event "GER-chT U14"]
[Site "Kelheim"]
[Date "2022.12.28"]
[Round "3"]
[White "Derr, Oleg"]
[Black "Dorendorf, Mika"]
[Result "1/2-1/2"]
[WhiteElo "1517"]
[BlackElo "1783"]
[PlyCount "101"]
[EventDate "2022.12.26"]
[EventType "team-swiss"]
[EventRounds "7"]
[EventCountry "GER"]
[SourceTitle "CBM 212 Extra"]
[Source "ChessBase"]
[SourceDate "2023.03.31"]
[SourceVersion "1"]
[SourceVersionDate "2023.03.31"]
[SourceQuality "1"]
[WhiteTeam "Offenbach"]
[BlackTeam "Hamburger SK"]
[WhiteTeamCountry "GER"]
[BlackTeamCountry "GER"]

1. Nf3 d5 2. g3 Nf6 3. Bg2 e6 4. 0-0 Be7 5. d4 0-0 6. Nbd2 c5 7. c4 b6 8. Re1 Bb7 9. cxd5 exd5 10. Nf1 Nbd7 11. h4 c4 12. N1h2 b5 13. g4 Ne4 14. h5 b4 15. Nd2 Nxd2 16. Bxd2 f5 17. e3 fxg4 18. Nxg4 Nf6 19. Nxf6+ Rxf6 20. Qe2 Ba6 21. Qg4 Bc8 22. Qe2 Be6 23. e4 Rf7 24. Rac1 Rc8 25. exd5 Bxd5 26. Qg4 Bxg2 27. Kxg2 Qd5+ 28. Kg1 Rcf8 29. Re5 Qd8 30. h6 g6 31. Be3 Bh4 32. f4 Bf6 33. Re4 Qd5 34. f5 Kh8 35. fxg6 hxg6 36. Qg2 Kh7 37. Rg4 Qxg2+ 38. Kxg2 Re8 39. Bf4 Re4 40. Rxc4 g5 41. Kf3 Rxf4+ 42. Rxf4 gxf4 43. Kxf4 Bxd4+ 44. Ke4 Bxb2 45. Rxb4 Bc3 46. Rc4 Bf6 47. Kd5 Kxh6 48. Ke6 Kg7 49. Rg4+ Kf8 50. Rf4 Kg7 51. Rg4+ 1/2-1/2

[Event "Heusenstamm Sparkassen op-B 7th"]
[Site "Heusenstamm"]
[Date "2021.11.18"]
[Round "1.39"]
[White "Wolff, Sidney Robert"]
[Black "Derr, Oleg"]
[Result "1-0"]
[WhiteElo "1604"]
[BlackElo "1198"]
[PlyCount "131"]
[EventDate "2021.11.18"]
[EventType "swiss"]
[EventRounds "7"]
[EventCountry "GER"]
[SourceTitle "EXT 2023"]
[Source "ChessBase"]
[SourceDate "2022.10.05"]
[SourceVersion "1"]
[SourceVersionDate "2022.10.05"]
[SourceQuality "1"]

1. f4 c5 2. b3 Nf6 3. Bb2 d5 4. e3 b6 5. Nf3 Bb7 6. Ne5 Nbd7 7. Bb5 a6 8. Be2 e6 9. 0-0 Bd6 10. Bf3 0-0 11. d3 Qc7 12. Nxd7 Nxd7 13. Qe1 e5 14. Qg3 f6 15. Qh3 Rae8 16. Bg4 Bc6 17. Be6+ Kh8 18. Bf5 g6 19. Bxg6 Re7 20. f5 d4 21. e4 Rg8 22. Nd2 Reg7 23. Nf3 Nf8 24. Nh4 Qe7 25. Bh5 Be8 26. Bf3 b5 27. Bc1 Qa7 28. Bh6 Rc7 29. Be2 c4 30. dxc4 d3+ 31. Be3 Bc5 32. cxd3 Bxe3+ 33. Kh1 Qd4 34. Rab1 Bf4 35. g3 Qe3 36. Qg2 Bg5 37. Nf3 Rcg7 38. Rbd1 Bh5 39. d4 Qc3 40. Rd3 Qa5 41. dxe5 Bxf3 42. Rdxf3 fxe5 43. f6 Rf7 44. Rf5 b4 45. c5 Qxc5 46. Bc4 Qc7 47. Qe2 Rg6 48. Bxf7 Qxf7 49. Qxa6 Nd7 50. Qa8+ Rg8 51. Qc6 Rg6 52. Qb5 Rxf6 53. Qxb4 Rxf5 54. Rxf5 Qg6 55. a4 Qh5 56. Qe1 Qg4 57. a5 Nc5 58. Qf1 Qxe4+ 59. Qf3 Qxf3+ 60. Rxf3 e4 61. Rf5 Be7 62. Re5 Nxb3 63. a6 Bc5 64. Rxc5 Nxc5 65. a7 e3 66. a8Q+ 1-0